000 00782nam a2200193 a 4500
003 0
005 20250508104639.0
008 970101s19uu xx 00 eng d
050 _aPHS ML 3830
_b.M86 2004
100 _aMuñoz, Timothy Mark Uy.
245 _aThe Effects of band practice on the academic performance of musically inclined students at St. James College System students /
_cTimothy Mark Uy Muñoz.
260 _aLas Piñas City, Philippines :
_bSouthville International School and Colleges,
_c2004.
300 _a38 pages :
_billustrations ;
_c28 cm.
504 _aIncludes bibliographical references.
650 _aStudents
_xEffect of music on.
650 _aMusic students
_zPhilippines
_xAcademic achievement.
650 _aAcademic achievement.
942 _2lcc
_cPASS
999 _c97139
_d97139